00345nam a22001457a 4500003000400000005001700004008004100021020001800062040000700080082001200087100001800099245005300117260002100170300000800191OSt20211126144552.0211126b |||||||| |||| 00| 0 eng d a9781632406507 chu a375.001 akellan sparks acurricuium and pedagogy in teaching and learning ausa bhallc2018 a203